000 00527nam a2200181Ia 4500
008 151018s9999 xx 000 0 und d
082 _bRBASDV22729
_a891.461
100 _aशिरीष पै
245 _aहायकुंचे दिवस
250 _b1
260 _bडिंपल
_c1989
300 _a68
600 _aशिरीष पै
630 _aहायकुंचे दिवस
700 _aशिरीष पै
730 _aहायकुंचे दिवस
942 _cBOOK
999 _c1022396
_d1022393